LIBRARY ONLINE CATALOGUE

Financial accounting / (Record no. 10406)

MARC details
000 -LEADER
fixed length control field 00735cam a22002412 4500
001 - CONTROL NUMBER
control field 0000024889
005 - DATE AND TIME OF LATEST TRANSACTION
control field 20151217152306.0
008 - FIXED-LENGTH DATA ELEMENTS--GENERAL INFORMATION
fixed length control field 140323s xx 000 0 eng d
020 ## - INTERNATIONAL STANDARD BOOK NUMBER
International Standard Book Number 0071315814
040 ## - CATALOGING SOURCE
Original cataloging agency KABU
Transcribing agency KABU
050 #0 - LIBRARY OF CONGRESS CALL NUMBER
Classification number HF5635
Item number .S65 2014
100 1# - MAIN ENTRY--PERSONAL NAME
Personal name Spiceland, J. David.
-- 0000151907
245 10 - TITLE STATEMENT
Title Financial accounting /
Statement of responsibility, etc. J. David Spiceland, Wayne Thomas, Don Herrmann.
250 ## - EDITION STATEMENT
Edition statement 3rd ed.
260 ## - PUBLICATION, DISTRIBUTION, ETC. (IMPRINT)
Place of publication, distribution, etc. New York :
Name of publisher, distributor, etc. McGraw-Hill,
Date of publication, distribution, etc. 2014.
300 ## - PHYSICAL DESCRIPTION
Extent 1 v. (various pagings)
650 #0 - SUBJECT ADDED ENTRY--TOPICAL TERM
Topical term or geographic name as entry element Accounting.
-- 0000148321
700 1# - ADDED ENTRY--PERSONAL NAME
Personal name Thomas, Wayne.
-- 0000185146
700 1# - ADDED ENTRY--PERSONAL NAME
Personal name Herrmann, Don.
-- 0000185147
852 1# - LOCATION
-- p4340 KES
908 ## - PUT COMMAND PARAMETER (RLIN)
Put command parameter 140323
950 ## - LOCAL HOLDINGS (RLIN)
-- 1
Holdings
Withdrawn status Lost status Source of classification or shelving scheme Not for loan Home library Current library Date acquired Total Checkouts Full call number Barcode Date last seen Date last checked out Price effective from Koha item type
    Library of Congress Classification   Kabarak, Main Campus Kabarak, Main Campus 17/12/2015 3 HF5635 .S65 2014 c. 1 017991 07/08/2018 06/08/2018 17/12/2015 General Collection